| 000 -CABECERA |
| campo de control de longitud fija |
00944nam a2200217 a 4500 |
| 001 - NÚMERO DE CONTROL |
| campo de control |
000078579 |
| 005 - FECHA Y HORA DE LA ÚLTIMA TRANSACCIÓN |
| campo de control |
20200120224321.0 |
| 008 - DATOS DE LONGITUD FIJA--INFORMACIÓN GENERAL |
| campo de control de longitud fija |
990721s1996 ck a gr| 0 spa d |
| 082 04 - NÚMERO DE LA CLASIFICACIÓN DECIMAL DEWEY |
| Número de clasificación |
794 |
| Número de documento/Ítem |
M45 |
| Número de edición |
21 |
| 110 2# - ENTRADA PRINCIPAL--NOMBRE DE ENTIDAD CORPORATIVA |
| Nombre de entidad corporativa o nombre de jurisdicción como elemento de entrada |
Ministerio de Cultura |
| 245 10 - MENCIÓN DE TÍTULO |
| Título |
Juego didactico / |
| Mención de responsabilidad, etc. |
Ministerio de Cultura. |
| 260 ## - PUBLICACIÓN, DISTRIBUCIÓN, ETC. |
| Lugar de publicación, distribución, etc. |
Bogotá : |
| Nombre del editor, distribuidor, etc. |
Biblioteca Nacional de Colombia, |
| Fecha de publicación, distribución, etc. |
[s.a]. |
| 500 ## - NOTA GENERAL |
| Nota general |
Material bibliografíco Donación Plan Nacional para Biblioteca Pública San Juan Bosco |
| 505 ## - NOTA DE CONTENIDO CON FORMATO |
| Información miscelánea |
V.1 |
| Título |
Ajedrez con 32 fichas |
| Información miscelánea |
V.2 |
| Título |
Scrabble con : 4 organizadores, 100 fichas de lestras, bolsa de fichas de algodón, reglas del juego, tablero del juego |
| Información miscelánea |
V. 3 |
| Título |
Juego de damas chinas con fichas y dados |
| Información miscelánea |
V.4 |
| Título |
Parques con fichas y dados |
| Información miscelánea |
V.5 |
| Título |
Juego de escaleras |
| 650 14 - PUNTO DE ACCESO ADICIONAL DE MATERIA--TÉRMINO DE MATERIA |
| Término de materia o nombre geográfico como elemento de entrada |
Juegos de mesa |
| 650 24 - PUNTO DE ACCESO ADICIONAL DE MATERIA--TÉRMINO DE MATERIA |
| Término de materia o nombre geográfico como elemento de entrada |
Ajedrez |
| Subdivisión general |
Técnicas |
| 650 24 - PUNTO DE ACCESO ADICIONAL DE MATERIA--TÉRMINO DE MATERIA |
| Término de materia o nombre geográfico como elemento de entrada |
Juegos ducativos |
| Subdivisión general |
Técnicas |
| 650 24 - PUNTO DE ACCESO ADICIONAL DE MATERIA--TÉRMINO DE MATERIA |
| Término de materia o nombre geográfico como elemento de entrada |
Juegos de dados |
| Subdivisión general |
Técnicas |
| 650 24 - PUNTO DE ACCESO ADICIONAL DE MATERIA--TÉRMINO DE MATERIA |
| Término de materia o nombre geográfico como elemento de entrada |
Damas (juego) |
| 650 24 - PUNTO DE ACCESO ADICIONAL DE MATERIA--TÉRMINO DE MATERIA |
| Término de materia o nombre geográfico como elemento de entrada |
Juegos en grupo |
| 952 ## - LOCALIZACIÓN E INFORMACIÓN DEL ÍTEM/UNIDAD FÍSICA (KOHA) |
| -- |
Perdido |
| 952 ## - LOCALIZACIÓN E INFORMACIÓN DEL ÍTEM/UNIDAD FÍSICA (KOHA) |
| -- |
Perdido |